000 00606pam a2200217 a 4500
001 4769604
005 20180131050223.0
008 860606s1986 nyua b 001 0 eng
010 _a 86013222
020 _a0471011460 :
_c$49.95 (est.)
040 _aDLC
_cDLC
_dDLC
041 _aeng
080 _a612.01448 ATT
082 0 0 _a612.01448 ATT
_219
100 1 _a6
101 _aRAD
245 1 0 _aIntroduction to radiological physics and radiation dosimetry /
_cFrank Herbert Attix.
504 _aBibliography: p. 506-524.
906 _a7
_bcbc
_corignew
_d1
_eocip
_f19
_gy-gencatlg
942 _2ddc
_cBK
999 _c41360
_d41360